000 01537cam a22004694i 4500
003 PE-LiUPU
005 20250731180059.0
008 160727s r 000 0 spa d
020 _a9788483694695
020 _a8483694697
035 _a(Sirsi) a162611
082 0 4 _a574.5
_bC9
_220
110 1 _aCultural S.A.,
_eautor.
245 1 4 _aLos ecosistemas /
_cCultural S.A.
250 _aPrimera edición: Noviembre, 2015.
264 _aPerú :
_bAbacus Gráfica S.L.,
_c2015.
300 _a127 páginas :
_bilustraciones ;
_c31 centímetros.
505 0 _aLos ecosistemas -- Ecosistemas terrestres -- Ecosistemas acuáticos -- Ecosistemas mixtos.
526 _aSEG44
526 _aSEG26
526 _aP159
526 _aP155
526 _aP154
526 _aP153
526 _aP150
526 _aP100
526 _aP31
526 _aP30
526 _aP26
526 _aP25
526 _aP24
526 _aP22
526 _aP15
526 _aP10
541 _g001-0000891;
650 1 4 _aEcosistemas.
910 _ajck
_bebj
_cebj
_d20160727
942 _2ddc
_cBOOK
949 _a574.5 C9
_wDEWEY
_c1
_i74227
_lCATALOGING
_mBUL
_p6.00
_r0
_sY
_tBOOK
_u27/07/16
_xINGENIERIA
_PP24
_o.STAFF. Colección General
_0compra
596 _a1
999 _a574.5 C9
_wDEWEY
_c11570
_i74239
_d11570
_e2017-4-24
_f2021-11-9
_g7
_lCCODEBUL1
_mBUL
_n1
_p6.00
_q1
_r0
_sY
_tBOOK
_u2016-7-27
_xINGENIERIA
_PP24
_0COMPRA
_o.STAFF. Colección General
980 _81
_gALBERTO SANCHEZ Responsable de Automatización